Länder mit Elchen - Statistiken

Allgemein
  • Dieses Quiz wurde 375 mal gespielt
  • Das Durchschnittsergebnis liegt bei 13 aus 16
Antwortstatistiken
Elchland % Korrekt
Schweden
99%
Finnland
98%
Norwegen
98%
Russland
97%
Kanada
95%
Vereinigte Staaten
94%
Estland
89%
Lettland
89%
Litauen
88%
Polen
81%
Weißrussland
81%
Ukraine
75%
Tschechien
58%
Mongolei
57%
Slowakei
51%
Vereinigtes Königreich
39%
Keine übereinstimmenden Quizze gefunden
Verteilung der Resultate
Anzahl Personen mit jedem Resultat
Perzentil nach korrekt beantworteten Fragen
Ihre Resultats-Entwicklung
Sie haben dieses Quiz noch nicht gespielt